[Event "HUN-chT2 Barcza 1617"]
[Site "Hungary"]
[Date "2016.11.27"]
[Round "5.5"]
[White "Pasztor, Lorant"]
[Black "Mate, Gyula"]
[Result "1/2-1/2"]
[WhiteElo "1930"]
[BlackElo "2074"]
[PlyCount "59"]
[EventDate "2016.09.25"]
[EventType "team-tourn"]
[EventRounds "11"]
[EventCountry "HUN"]
[SourceTitle "EXT 2021"]
[Source "ChessBase"]
[SourceDate "2020.10.23"]
[SourceVersion "1"]
[SourceVersionDate "2020.10.23"]
[SourceQuality "1"]
[WhiteTeam "Sajobabony"]
[BlackTeam "Bajnok Sakkiskola"]
[WhiteTeamCountry "HUN"]
[BlackTeamCountry "HUN"]

1. e4 e5 2. Nf3 Nc6 3. Bc4 Bc5 4. c3 Nf6 5. d3 h6 6. h3 d6 7. a4 a6 8. 0-0 0-0 9. Nbd2 Be6 10. b4 Ba7 11. Qb3 Qe7 12. Ba3 b5 13. Bxe6 fxe6 14. Bb2 Kh7 15. d4 exd4 16. cxd4 d5 17. e5 Ne4 18. Nxe4 dxe4 19. Qc2 Qd7 20. Qxe4+ Kg8 21. axb5 axb5 22. Bc3 Ne7 23. Ra6 Nd5 24. Bd2 Bb6 25. Rfa1 Rxa6 26. Rxa6 Qc6 27. Qg4 Kh7 28. Qe4+ Kg8 29. Ra3 Ne7 30. Qxc6 1/2-1/2

[Event "HUN-chT2 Barcza 1112 "]
[Site "Hungary"]
[Date "2011.09.25"]
[Round "1"]
[White "Kelemen, Gyorgy"]
[Black "Mate, Gyula"]
[Result "1/2-1/2"]
[WhiteElo "2048"]
[BlackElo "2102"]
[PlyCount "50"]
[EventDate "2011.09.25"]
[EventType "team-tourn"]
[EventRounds "11"]
[EventCountry "HUN"]
[SourceTitle "EXT 2013"]
[Source "ChessBase"]
[SourceDate "2012.11.22"]
[SourceVersion "1"]
[SourceVersionDate "2012.11.22"]
[SourceQuality "1"]
[WhiteTeam "Mezokovesd"]
[BlackTeam "Hajduboszormeny"]
[WhiteTeamCountry "HUN"]
[BlackTeamCountry "HUN"]

1. e4 e5 2. Nf3 Nc6 3. Bb5 a6 4. Ba4 Nf6 5. 0-0 Be7 6. Re1 b5 7. Bb3 0-0 8. h3 Bb7 9. c3 d5 10. exd5 Nxd5 11. d4 exd4 12. Nxd4 Nxd4 13. Qxd4 Re8 14. Nd2 Bf6 15. Rxe8+ Qxe8 16. Qe4 Qd7 17. Bc2 g6 18. Qf3 Bg7 19. Nf1 c5 20. Qg3 Re8 21. Bd2 c4 22. h4 Re2 23. Qb8+ Re8 24. Qg3 Re2 25. Qb8+ Re8 1/2-1/2

[Event "HUN-chT2 Maroczy 0809"]
[Site "Hungary"]
[Date "2009.03.08"]
[Round "9"]
[White "Kaposztas, Miklos"]
[Black "Mate, Gyula"]
[Result "1-0"]
[WhiteElo "2228"]
[BlackElo "2110"]
[PlyCount "85"]
[EventDate "2008.10.26"]
[EventType "team-tourn"]
[EventRounds "11"]
[EventCountry "HUN"]
[SourceTitle "EXT 2010"]
[Source "ChessBase"]
[SourceDate "2010.11.25"]
[SourceVersion "1"]
[SourceVersionDate "2010.11.25"]
[SourceQuality "1"]
[WhiteTeam "Vasas"]
[BlackTeam "Hajduboszormeny"]
[WhiteTeamCountry "HUN"]
[BlackTeamCountry "HUN"]

1. c4 Nf6 2. Nc3 g6 3. e4 d6 4. d4 Bg7 5. Nge2 0-0 6. Ng3 c5 7. d5 e6 8. Be2 exd5 9. cxd5 a6 10. a4 Re8 11. 0-0 Nbd7 12. Bf4 Ne5 13. Qd2 b6 14. h3 Qc7 15. Bh6 Bh8 16. Ra3 Bb7 17. f4 Ned7 18. Bc4 Bg7 19. Bxg7 Kxg7 20. Raa1 Rad8 21. Rae1 Qb8 22. b3 Ng8 23. Qe2 Qa8 24. Qg4 Qb8 25. Re3 Bc8 26. Qe2 Qa8 27. e5 dxe5 28. fxe5 Rf8 29. Kh2 f6 30. e6 Ne5 31. Rxe5 fxe5 32. Qxe5+ Kh6 33. e7 Nxe7 34. Rxf8 Rxf8 35. Qxe7 Bf5 36. d6 Qb8 37. Nd5 b5 38. axb5 axb5 39. Bxb5 Bc2 40. d7 Bb1 41. Nf6 Bf5 42. Ne8 Bxh3 43. Qh4# 1-0

[Event "HUN-chT2 Barcza 0607"]
[Site "Hungary"]
[Date "2006.12.03"]
[Round "3"]
[White "Pongracz, Attila"]
[Black "Mate, Gyula"]
[Result "0-1"]
[WhiteElo "2011"]
[BlackElo "2094"]
[PlyCount "44"]
[EventDate "2006.11.12"]
[EventType "team"]
[EventRounds "11"]
[EventCountry "HUN"]
[SourceTitle "EXT 2008"]
[Source "ChessBase"]
[SourceDate "2007.11.25"]
[SourceVersion "1"]
[SourceVersionDate "2007.11.25"]
[SourceQuality "1"]
[WhiteTeam "Mezokovesd"]
[BlackTeam "Hajduboszormeny"]
[WhiteTeamCountry "HUN"]
[BlackTeamCountry "HUN"]

1. e4 e5 2. Nf3 Nc6 3. Bc4 Nf6 4. 0-0 Bc5 5. c3 Bb6 6. d4 Qe7 7. Re1 d6 8. h3 h6 9. Qd3 Bd7 10. Bb3 0-0-0 11. Nbd2 g5 12. g4 h5 13. Nxg5 hxg4 14. hxg4 Nxg4 15. Nc4 Rh1+ 16. Kg2 Rxe1 17. Nxb6+ axb6 18. Qd2 Ne3+ 19. Qxe3 Rxe3 20. Bxe3 Rg8 21. Rg1 Rxg5+ 22. Bxg5 Qxg5+ 0-1

[Event "HUN-chT2 Barcza 0506"]
[Site "Hungary"]
[Date "2006.04.23"]
[Round "11"]
[White "Berek, Geza"]
[Black "Mate, Gyula"]
[Result "1-0"]
[WhiteElo "2082"]
[BlackElo "2091"]
[PlyCount "71"]
[EventDate "2005.10.16"]
[EventType "team"]
[EventRounds "11"]
[EventCountry "HUN"]
[SourceTitle "EXT 2009"]
[Source "ChessBase"]
[SourceDate "2008.11.26"]
[SourceVersion "1"]
[SourceVersionDate "2008.11.26"]
[SourceQuality "1"]
[WhiteTeam "Debrecen Betu"]
[BlackTeam "Hajduboszormeny II"]
[WhiteTeamCountry "HUN"]
[BlackTeamCountry "HUN"]

1. e4 e5 2. Nf3 Nc6 3. d4 exd4 4. Nxd4 Nf6 5. Nxc6 bxc6 6. e5 Qe7 7. Qe2 Nd5 8. c4 Ba6 9. b3 g6 10. g3 Bg7 11. Bb2 0-0 12. Bg2 f6 13. Qd2 Nb6 14. 0-0 fxe5 15. Ba3 d6 16. Bxc6 Rab8 17. Nc3 Bb7 18. Bxb7 Rxb7 19. Ne4 Re8 20. Rfd1 Rbb8 21. c5 dxc5 22. Bxc5 Qf7 23. Rac1 Rbc8 24. Bxb6 axb6 25. Qd7 Qxd7 26. Rxd7 Ra8 27. Rcxc7 Bh8 28. Rxh7 Rf8 29. a4 Rf3 30. Kg2 Raf8 31. Rh6 R3f6 32. Nxf6+ Bxf6 33. Rxg6+ Kh8 34. Rb7 e4 35. Rg4 Bd4 36. Rxe4 1-0

[Event "HUN-chT2 Barcza 0506"]
[Site "Hungary"]
[Date "2006.03.18"]
[Round "8"]
[White "Mate, Gyula"]
[Black "Hegedus, Rafael"]
[Result "0-1"]
[WhiteElo "2091"]
[BlackElo "2105"]
[PlyCount "56"]
[EventDate "2005.10.16"]
[EventType "team"]
[EventRounds "11"]
[EventCountry "HUN"]
[SourceTitle "EXT 2009"]
[Source "ChessBase"]
[SourceDate "2008.11.26"]
[SourceVersion "1"]
[SourceVersionDate "2008.11.26"]
[SourceQuality "1"]
[WhiteTeam "Hajduboszormeny II"]
[BlackTeam "Mezokovesd"]
[WhiteTeamCountry "HUN"]
[BlackTeamCountry "HUN"]

1. e4 e5 2. f4 d6 3. Nf3 Bg4 4. Bc4 Nc6 5. c3 exf4 6. d4 g5 7. h4 Bh6 8. hxg5 Bxg5 9. 0-0 f6 10. Qa4 Qd7 11. Nxg5 fxg5 12. Bb5 d5 13. c4 dxe4 14. d5 Nge7 15. dxc6 bxc6 16. Ba6 Qd4+ 17. Kh1 Be2 18. Re1 Qf2 19. Rxe2 Qxe2 20. Nc3 Qf1+ 21. Kh2 f3 22. Qc2 g4 23. Nxe4 Rd8 24. Bg5 Qxa1 25. Qc3 Rf8 26. Qg7 g3+ 27. Nxg3 Qe1 28. gxf3 Qxg3+ 0-1

[Event "HUN-chT2 Barcza 0506"]
[Site "Hungary"]
[Date "2006.02.12"]
[Round "7"]
[White "Mate, Gyula"]
[Black "Kelemen, Imre"]
[Result "1-0"]
[WhiteElo "2091"]
[BlackElo "2140"]
[PlyCount "59"]
[EventDate "2005.10.16"]
[EventType "team"]
[EventRounds "11"]
[EventCountry "HUN"]
[SourceTitle "EXT 2009"]
[Source "ChessBase"]
[SourceDate "2008.11.26"]
[SourceVersion "1"]
[SourceVersionDate "2008.11.26"]
[SourceQuality "1"]
[WhiteTeam "Hajduboszormeny II"]
[BlackTeam "Lokomotiv"]
[WhiteTeamCountry "HUN"]
[BlackTeamCountry "HUN"]

1. e4 a6 2. d4 b5 3. Bd3 Bb7 4. Nf3 e6 5. Nc3 d5 6. exd5 Bxd5 7. Nxd5 Qxd5 8. 0-0 c5 9. Qe2 Nf6 10. c4 bxc4 11. Bxc4 Qe4 12. Be3 cxd4 13. Nxd4 Bd6 14. Qf3 Nbd7 15. Qxe4 Nxe4 16. Rac1 Nb6 17. Nxe6 fxe6 18. Bxb6 Rb8 19. Bd4 e5 20. Bxe5 Bxe5 21. Rfe1 Bxb2 22. Rxe4+ Kf8 23. Rce1 a5 24. Re7 h5 25. Rf7+ Kg8 26. Rf5+ Kh7 27. Rxh5+ Kg6 28. Rxa5 Rh4 29. Bd3+ Kf7 30. Rb5 1-0

[Event "HUN-chT2 Barcza 0304"]
[Site "Hungary"]
[Date "2003.09.28"]
[Round "1"]
[White "Mate, Gyula"]
[Black "Nagy, Kalman"]
[Result "1-0"]
[WhiteElo "2083"]
[BlackElo "2151"]
[PlyCount "87"]
[EventDate "2003.08.29"]
[EventType "team"]
[EventRounds "11"]
[EventCountry "HUN"]
[SourceTitle "EXT 2009"]
[Source "ChessBase"]
[SourceDate "2008.11.26"]
[SourceVersion "1"]
[SourceVersionDate "2008.11.26"]
[SourceQuality "1"]
[WhiteTeam "Hajduboszormeny II"]
[BlackTeam "Kazincbarcika"]
[WhiteTeamCountry "HUN"]
[BlackTeamCountry "HUN"]

1. e4 e5 2. f4 exf4 3. Nf3 d5 4. exd5 Nf6 5. c4 c6 6. d4 Bb4+ 7. Nc3 0-0 8. Bxf4 cxd5 9. Be2 Ne4 10. Bd2 Nxd2 11. Qxd2 dxc4 12. Bxc4 Nc6 13. 0-0 Bg4 14. Rad1 Rc8 15. Qf4 Bxf3 16. Rxf3 Bxc3 17. bxc3 Ne5 18. Qxe5 Rxc4 19. Re1 Qc7 20. d5 Qxe5 21. Rxe5 f6 22. Re7 Rf7 23. Re8+ Rf8 24. Rfe3 Rxe8 25. Rxe8+ Kf7 26. Rb8 Rc7 27. Kf2 Ke7 28. c4 b6 29. Ke3 Kd6 30. Kd4 h6 31. a4 h5 32. a5 bxa5 33. Rb5 h4 34. c5+ Kd7 35. Rxa5 Kd8 36. d6 Rb7 37. c6 Rb1 38. Rxa7 Rd1+ 39. Kc5 Rc1+ 40. Kd5 Ke8 41. Ra8+ Kf7 42. c7 Rd1+ 43. Kc6 Rc1+ 44. Kd7 1-0

[Event "HUN-chT3 0102"]
[Site "Hungary"]
[Date "2002.02.10"]
[Round "7.3"]
[White "Gal, Tamas"]
[Black "Mate, Gyula"]
[Result "0-1"]
[WhiteElo "2095"]
[BlackElo "2116"]
[PlyCount "71"]
[EventDate "2001.09.30"]
[EventType "team"]
[EventRounds "11"]
[EventCountry "HUN"]
[SourceTitle "EXT 2004"]
[Source "ChessBase"]
[SourceDate "2003.11.25"]
[SourceVersion "1"]
[SourceVersionDate "2003.11.25"]
[SourceQuality "1"]

1. d4 Nf6 2. c4 g6 3. Nc3 Bg7 4. e4 d6 5. Be2 0-0 6. Nf3 e5 7. 0-0 Nc6 8. d5 Ne7 9. Ne1 Ne8 10. f3 f5 11. Be3 f4 12. Bf2 g5 13. Nd3 h5 14. Rc1 Rf6 15. b4 Rg6 16. h3 Nf6 17. c5 g4 18. hxg4 hxg4 19. fxg4 Nxg4 20. Nb5 a6 21. cxd6 axb5 22. dxe7 Qxe7 23. Rc2 Qg5 24. Bf3 Rh6 25. Re1 Nh2 26. Nc5 Nxf3+ 27. Qxf3 Bg4 28. Qb3 Qh5 29. Kf1 f3 30. gxf3 Bxf3 31. Re3 Qh1+ 32. Bg1 Qh3+ 33. Ke1 Qg3+ 34. Kd2 Qg2+ 35. Kc3 Qxg1 36. Rxf3 0-1

[Event "HUN-chT 9900"]
[Site "Hungary"]
[Date "1999.10.03"]
[Round "2"]
[White "Horvath, Sandor"]
[Black "Mate, Gyula"]
[Result "1-0"]
[WhiteElo "2394"]
[BlackElo "2109"]
[PlyCount "115"]
[EventDate "1999.09.26"]
[EventType "team"]
[EventRounds "11"]
[EventCountry "HUN"]
[SourceTitle "EXT 2009"]
[Source "ChessBase"]
[SourceDate "2008.11.26"]
[SourceVersion "1"]
[SourceVersionDate "2008.11.26"]
[SourceQuality "1"]
[WhiteTeam "Csuti"]
[BlackTeam "Hajduboszormeny"]
[WhiteTeamCountry "HUN"]
[BlackTeamCountry "HUN"]

1. e4 e5 2. Nf3 Nc6 3. Nc3 Bb4 4. Nd5 Ba5 5. c3 d6 6. b4 Bb6 7. a4 a6 8. Nxb6 cxb6 9. Be2 Nf6 10. Qc2 Qc7 11. Ba3 0-0 12. 0-0 Rd8 13. Rac1 Bg4 14. Rfd1 Rac8 15. Qb1 Ne7 16. h3 Bh5 17. c4 Qc6 18. d3 Qxa4 19. Qb2 Qd7 20. b5 a5 21. Nxe5 dxe5 22. Bxh5 Nxh5 23. Qxe5 Ng6 24. Qxh5 Re8 25. Qd5 Qc7 26. Qd6 Qxd6 27. Bxd6 Ne5 28. Bxe5 Rxe5 29. f4 Ree8 30. Kf2 g6 31. g4 Kg7 32. Ke3 Rc7 33. h4 Rd7 34. d4 f6 35. c5 bxc5 36. dxc5 Rde7 37. Rc4 h5 38. g5 fxg5 39. hxg5 Kf7 40. e5 h4 41. Rh1 Rh8 42. c6 bxc6 43. bxc6 Rc7 44. Kd4 a4 45. Kc5 Rhc8 46. Kd6 a3 47. Rxh4 a2 48. Rh7+ Kg8 49. Rxc7 a1Q 50. Rxc8+ Kg7 51. Rc7+ Kg8 52. Rb7 Qa3+ 53. Rbb4 Qd3+ 54. Rd4 Qf5 55. Rb8+ Kf7 56. Rb7+ Ke8 57. c7 Qd7+ 58. Kc5 1-0

[Event "Hajduboszormeny Cup"]
[Site "Hajduboszormeny"]
[Date "1999.07.31"]
[Round "9"]
[White "Mate, Gyula"]
[Black "Horvath, Peter Szendro"]
[Result "1/2-1/2"]
[WhiteElo "2109"]
[BlackElo "2146"]
[PlyCount "103"]
[EventDate "1999.07.24"]
[EventType "swiss"]
[EventRounds "9"]
[EventCountry "HUN"]
[SourceTitle "EXT 2001"]
[Source "ChessBase"]
[SourceDate "2000.11.22"]
[SourceVersion "1"]
[SourceVersionDate "2000.11.22"]
[SourceQuality "1"]

1. e4 c5 2. Nf3 g6 3. d4 cxd4 4. Nxd4 Bg7 5. Nc3 Nc6 6. Be3 Nf6 7. Bc4 0-0 8. Bb3 d6 9. f3 h5 10. Qd2 Kh7 11. 0-0 Na5 12. Rfd1 Nxb3 13. axb3 a6 14. Qf2 Qc7 15. Bg5 b5 16. Rd2 Re8 17. h3 Bb7 18. Rc1 Rad8 19. Nde2 Nd7 20. g4 Nf6 21. Nf4 Qc5 22. Qxc5 dxc5 23. Rcd1 Rxd2 24. Rxd2 Bh6 25. Bxh6 Kxh6 26. e5 Kg5 27. Ng2 Bxf3 28. exf6 exf6 29. gxh5 Bxh5 30. Kf2 b4 31. Nd5 f5 32. h4+ Kh6 33. Nc7 Rc8 34. Nxa6 f6 35. c3 bxc3 36. bxc3 g5 37. b4 cxb4 38. cxb4 Be8 39. Nc5 Rb8 40. Rd4 Kh5 41. Ne6 Bb5 42. Ne3 f4 43. Nd5 Kg6 44. Ndc7 Bc6 45. hxg5 fxg5 46. Rd6 Rxb4 47. Nxf4+ Kf5 48. Nd3 Rc4 49. Ne6 Ba8 50. Nd4+ Ke4 51. Ne2 Rc2 52. Rd4+ 1/2-1/2

[Event "Hajduboszormeny Cup"]
[Site "Hajduboszormeny"]
[Date "1999.07.30"]
[Round "8"]
[White "Kosa, Peter"]
[Black "Mate, Gyula"]
[Result "1-0"]
[WhiteElo "2134"]
[BlackElo "2109"]
[PlyCount "60"]
[EventDate "1999.07.24"]
[EventType "swiss"]
[EventRounds "9"]
[EventCountry "HUN"]
[SourceTitle "EXT 2001"]
[Source "ChessBase"]
[SourceDate "2000.11.22"]
[SourceVersion "1"]
[SourceVersionDate "2000.11.22"]
[SourceQuality "1"]

1. d4 Nf6 2. c4 g6 3. Nc3 Bg7 4. Nf3 d6 5. g3 0-0 6. Bg2 Nc6 7. 0-0 Rb8 8. h3 a6 9. e4 e5 10. Bg5 h6 11. Be3 b5 12. cxb5 axb5 13. a3 b4 14. axb4 Rxb4 15. dxe5 dxe5 16. Bc5 Rxb2 17. Bxf8 Qxf8 18. Qc1 Rb3 19. Ra8 Kh7 20. Nd5 Nxd5 21. exd5 e4 22. Ng5+ hxg5 23. dxc6 f5 24. Rd1 Rd3 25. Bf1 Rxd1 26. Qxd1 f4 27. gxf4 gxf4 28. Ba6 Qa3 29. Bb7 Qxh3 30. Bxc8 Qh6 1-0

[Event "Hajduboszormeny Cup"]
[Site "Hajduboszormeny"]
[Date "1999.07.26"]
[Round "3"]
[White "Mate, Gyula"]
[Black "Szabo, Gergely Andras"]
[Result "0-1"]
[WhiteElo "2109"]
[BlackElo "2250"]
[PlyCount "130"]
[EventDate "1999.07.24"]
[EventType "swiss"]
[EventRounds "9"]
[EventCountry "HUN"]
[SourceTitle "EXT 2001"]
[Source "ChessBase"]
[SourceDate "2000.11.22"]
[SourceVersion "1"]
[SourceVersionDate "2000.11.22"]
[SourceQuality "1"]

1. e4 e5 2. Nf3 Nc6 3. Bb5 a6 4. Ba4 Nf6 5. 0-0 Nxe4 6. d4 b5 7. Bb3 d5 8. dxe5 Be6 9. Nbd2 Nc5 10. c3 d4 11. Ng5 Qd7 12. Qf3 Nxb3 13. Nxb3 Bd5 14. Qf4 h6 15. Ne4 Bxb3 16. axb3 dxc3 17. bxc3 Qe6 18. Re1 Be7 19. Ba3 Bxa3 20. Rxa3 Nxe5 21. Nd2 f6 22. Qe4 0-0 23. Re3 Rfd8 24. f4 Qd6 25. Ra2 Ng4 26. Qe6+ Qxe6 27. Rxe6 Kf7 28. Rc6 Ra7 29. h3 Ne3 30. c4 bxc4 31. Nxc4 Nxc4 32. Rxc4 f5 33. Ra5 g6 34. Rc6 Rd6 35. Rxd6 cxd6 36. b4 Rb7 37. Rxa6 Ke6 38. Kf2 Rxb4 39. Ke3 g5 40. fxg5 hxg5 41. Kf3 Rb3+ 42. Kf2 Ke5 43. Ra8 f4 44. Re8+ Kd4 45. Rg8 Rg3 46. Ra8 d5 47. Ra4+ Ke5 48. Ra5 Ke4 49. Rb5 Rc3 50. Rb8 Rc2+ 51. Kf1 Rc3 52. Re8+ Kd4 53. Kf2 Rg3 54. Ra8 Kc4 55. Rc8+ Kd3 56. Ra8 d4 57. Rc8 Kd2 58. Rc4 Kd3 59. Ra4 Ke4 60. Rb4 Rc3 61. Ke2 Rc2+ 62. Kf1 Ke3 63. Kg1 d3 64. Rb8 Rc1+ 65. Kh2 d2 0-1

[Event "Hajduboszormeny Cup"]
[Site "Hajduboszormeny"]
[Date "1999.07.24"]
[Round "1"]
[White "Mate, Gyula"]
[Black "Rat, Dan Ovidiu"]
[Result "0-1"]
[WhiteElo "2109"]
[BlackElo "2334"]
[PlyCount "84"]
[EventDate "1999.07.24"]
[EventType "swiss"]
[EventRounds "9"]
[EventCountry "HUN"]
[SourceTitle "EXT 2001"]
[Source "ChessBase"]
[SourceDate "2000.11.22"]
[SourceVersion "1"]
[SourceVersionDate "2000.11.22"]
[SourceQuality "1"]

1. e4 d6 2. d4 Nf6 3. Nc3 g6 4. Bg5 Bg7 5. Qd2 c6 6. f3 Nbd7 7. a4 Qc7 8. Bc4 e6 9. Nge2 0-0 10. g4 d5 11. exd5 exd5 12. Bd3 Re8 13. 0-0-0 a6 14. h4 b5 15. h5 c5 16. Nf4 Bb7 17. hxg6 fxg6 18. Qh2 cxd4 19. Bxf6 Nxf6 20. Nce2 Qe5 21. Rdg1 g5 22. Nh3 h6 23. f4 Qe3+ 24. Kd1 Ne4 25. Bxe4 Qxe4 26. fxg5 d3 27. Nef4 dxc2+ 28. Qxc2 Qd4+ 29. Qd2 hxg5 30. Nxg5 Qxa4+ 31. Kc1 Qa1+ 32. Kc2 Qxb2+ 33. Kd1 Qb1+ 34. Qc1 Qxc1+ 35. Kxc1 Rac8+ 36. Kd1 d4 37. Rh5 Rc6 38. Nd5 Rd6 39. Nf4 d3 40. Kd2 b4 41. Nxd3 Bc3+ 42. Kc2 Re2+ 0-1

[Event "HUN-chT2 9899"]
[Site "Hungary"]
[Date "1999.??.??"]
[Round "?"]
[White "Mate, Gyula"]
[Black "Bodrogi, Mihaly"]
[Result "0-1"]
[WhiteElo "2061"]
[BlackElo "2190"]
[PlyCount "64"]
[EventDate "1998.??.??"]
[EventType "team"]
[EventRounds "12"]
[EventCountry "HUN"]
[SourceTitle "EXT 2000"]
[Source "ChessBase"]
[SourceDate "1999.11.16"]
[SourceVersion "1"]
[SourceVersionDate "1999.11.16"]
[SourceQuality "1"]

1. e4 c5 2. c3 d5 3. exd5 Qxd5 4. d4 e6 5. Nf3 Nf6 6. Be3 Ng4 7. Nbd2 Be7 8. h3 Nxe3 9. fxe3 cxd4 10. exd4 0-0 11. Bd3 Nc6 12. Qe2 Bd7 13. 0-0 Rad8 14. b4 Qh5 15. Rae1 Bc8 16. Qf2 b6 17. Ne4 Qh6 18. b5 Na5 19. Ne5 Qh4 20. Qe3 f6 21. Rf4 Qh5 22. Ng3 Qe8 23. Nf3 Bd6 24. Rg4 f5 25. Rf4 Bxf4 26. Qxf4 Qe7 27. Ne5 Qc7 28. c4 Qd6 29. Qg5 h6 30. Qh5 Qxd4+ 31. Kh2 Qc3 32. Rf1 Qxe5 0-1